00581nam a2200109Ia 4500008004100000245002400041300025000065650000900315856005600324999001900380952007200399170517s9999 xx 000 0 und d aCultural Barbarians aIs art dead, or is its definition merely evolving? In Cultural Barbarians, an intriguing episode of the acclaimed VPRO Backlight series, we witness a collective of modern-day artists as they grapple with this question, and search for means of... xArt. uhttp://topdocumentaryfilms.com/cultural-barbarians/ c333128d333128 001040aCLbCLd2017-05-17l0r2017-05-17 00:00:00w2017-05-17yDF